000 00238nam a2200097Ia 4500
001 692117
005 20250826161848.0
008 250824s9999 xx 000 0 und d
245 0 _aBUKRE KALP
_cKAHRAMAN TAZEOĞLU
260 _bDESTEK YAYINLARI
999 _c692117
_d692117